• 首页
  • 本馆介绍
  • 公告通知
  • 最新文献
  • 馆藏检索
  • 电子资源
  • 读者导购
  • 参考咨询
  • 我的图书馆
  • 登录
  • 详细信息显示
  • 放入我的书架
  • 预约/预借图书
  • 作者相关作品
  • 分类相关作品
  • 丛书相关作品
  • 出版社相关作品

书目信息

  • 表格格式
  • 工作单格式
  • 卡片格式
题名:
数字肖像雕塑
    
 
作者: 邓威 著
分册:  
出版信息: 大连   大连理工大学出版社  2014
页数: 226页
开本: 26cm
丛书名:
单 册:
中图分类: J313.1
科图分类:
主题词: 肖像雕塑--雕塑技法
电子资源:
ISBN: 978-7-5611-8378-6
000 01081nam0 2200277 450
001 0103191686
005 20140721141930.0
010    @a978-7-5611-8378-6@dCNY68.00
100    @a20140704d2014 em y0chiy0120 ea
101 0  @achi
102    @aCN@b210000
105    @aa z 000yy
106    @ar
200 1  @a数字肖像雕塑@9Shu;Shuo Zi Xiao Xiang Diao Su @f邓威[等]著@b专著
210    @a大连@c大连理工大学出版社@d2014
215    @a226页@c图@d26cm
300    @a“教育部人文社会科学研究项目:数字技术在雕塑领域的应用方法研究”研究成果
304    @a著者还有:胡沈健、陈岩、郭斐
312    @a封面英文题名:Digital portrait sculpture
330    @a本书作者亲手用ZBrush软件刻画肖像解剖、结构、表情以及夸张变形原理,并配合必要的插图原理。笔者旨在把传统肖像雕塑和现代计算机技术相结合,产生出新颖的数学肖像雕塑,让读者可以临摹造型、学习解剖、PS手绘等基本功原理。
510 1  @aDigital portrait sculpture@zeng
606 0  @a肖像雕塑@x雕塑技法
690    @aJ313.1@v5
701  0 @a邓威@f(1969~)@4著@9deng wei
801  0 @aCN@bAZmarc@c20230902
905    @aBZT@dJ313.1@e2@f5@sJ313.1/2
    
    数字肖像雕塑/邓威[等]著.-大连:大连理工大学出版社,2014
    226页:图;26cm
    “教育部人文社会科学研究项目:数字技术在雕塑领域的应用方法研究”研究成果
    
    ISBN 978-7-5611-8378-6:CNY68.00
    本书作者亲手用ZBrush软件刻画肖像解剖、结构、表情以及夸张变形原理,并配合必要的插图原理。笔者旨在把传统肖像雕塑和现代计算机技术相结合,产生出新颖的数学肖像雕塑,让读者可以临摹造型、学习解剖、PS手绘等基本功原理。
●
相关链接 在五车中查询图书 在当当中查询图书 在豆瓣中查询图书


正题名:数字肖像雕塑     索取号:J313.1/2         预约/预借

序号 登录号 条形码 馆藏地/架位号 状态 备注
山东省滨州职业学院图书馆 欢迎您!
大连网信软件有限公司© 版权所有